| 000 | 00442nam a2200121Ia 4500 | ||
|---|---|---|---|
| 008 | 160712s9999 xx 000 0 und d | ||
| 100 | _aDe Castro, Leonardo D. | ||
| 245 |
_cLeonardo D. de Castro _aRebyu ng Aklat: Mga Babasahin sa Agham Panlipunang Pilipino |
||
| 260 |
_c2013 _bDaluyan: Journal ng Wikang Filipino |
||
| 300 | _avol. 19 no. 2 | ||
| 650 | _xFILIPINO | ||
| 856 | _uhttp://journals.upd.edu.ph/index.php/djwf/issue/view/396/showToc | ||
| 999 |
_c297288 _d297288 |
||